000 01215nam a22003497a 4500
003 CHAP
005 20220329135754.0
008 971013s1954 r 00010 d
010 _a41831
011 _a42803
035 _a46932
040 _cCHAP
082 _a631.112
_bM87
100 0 0 _aMurray, William Gordon.
_979836
245 _aFarm appraisal
_b: classification and valuation of farm land and buildings
250 _a3 ed.
260 _aAmes :
_bIowa State Univ.,
_c1954
300 _a366 p.
_b: ilus
590 _aBATCH-UPD
_b10
_c20130110
_lUCH01
_h0110
590 _aBATCH-UPD
_b10
_c20130110
_lUCH01
_h2154
590 _aBATCH-UPD
_b10
_c20130409
_lUCH01
_h2101
590 _aBATCH-UPD
_b10
_c20130410
_lUCH01
_h1503
590 _aBATCH-UPD
_b10
_c20130914
_lUCH01
_h0431
590 _aCONVERSION
_b10
_c20130109
_lUCH01
_h1323
650 1 4 _aAvalúos agrícolas.
_98471
650 1 4 _aConstrucciones rurales
_xAvalúos.
_927379
901 _aBK
942 _cLIBRO
949 _a631.112 M87
_bBC
_cLIBRO
_d33724000055141
_eLIBRO
_h20506
_i46932
_si
949 _a631.112 M87
_bBC
_cLIBRO
_d33724000055158
_eLIBRO
_fc.3
_h20508
_i46932
_si
949 _a631.112 M87
_bBC
_cLIBRO
_d33724000055166
_eLIBRO
_fc.2
_h20507
_i46932
_si
999 _c41831
_d41831